000 00335cam a22001097a 4500
008 180718b1962 xxu||||| |||| 00| 0 eng d
082 _aL8043mx5441 G949
245 _aMunicipal account code
_cBy Gujarat Government
260 _aBaroda
_bThe Government
_c1962
300 _a184p
650 _aMunicipal finance - India - Gujarat - Accounting
999 _c410237
_d410237